000 00332nam a22001457a 4500
008 210308b ||||| |||| 00| 0 eng d
020 _a9780534065522
041 _aeng
080 _23th
_a510
082 _23th
_a510
100 _a36
101 _aMAT
245 _aTrigonometry for college Students
_cSmith,J.K
942 _2udc
_cBK
999 _c56020
_d56020